| 000 | 00570nam a22001817a 4500 | ||
|---|---|---|---|
| 003 | OSt | ||
| 005 | 20260415025838.0 | ||
| 008 | 260415b |||||||| |||| 00| 0 eng d | ||
| 020 | _a0-697-26836-5 | ||
| 040 |
_aDWC-Main lib. _cOC |
||
| 082 | _aCirc. 005.12 D554 1996 | ||
| 100 | _aDickson, Elizabeth A. | ||
| 245 |
_aComputer program design/ _cElizabeth A. Dickson |
||
| 260 |
_aBoston : _bIrwin / McGraw-Hill Companies, _cc1996. |
||
| 300 |
_avii, 424 p. : _billustration : _c28 cm. |
||
| 504 | _aIncludes appendices and index. | ||
| 942 |
_2ddc _cBK-CIRC _hCirc. _n0 |
||
| 999 |
_c9437 _d9437 |
||